| 000 | 01435nam0a2200349 i 4500 | ||
|---|---|---|---|
| 001 | RU\NLR\BIBL_A\011545551 | ||
| 005 | 20260409080830.0 | ||
| 010 |
_a9785917892283 _9100 |
||
| 021 |
_aRU _b2017-84694 _96042 |
||
| 035 | _a(RuMoRGB)009446345 | ||
| 035 | _a(NLR Aleph) 011545551 | ||
| 090 |
_a12217609 _c12217609 |
||
| 100 | _a20171204d2017 um y0rusy50 ca | ||
| 101 | 0 | _arus | |
| 102 | _aRU | ||
| 105 | _aa|||z|||000gy | ||
| 200 | 1 |
_aПонтий Пилат _eпоэма _eпо роману Михаила Булгакова Мастер и Маргарита _fА. Лубяко |
|
| 210 |
_aСочи _cКривлякин С.П. _d2017 |
||
| 215 |
_a120, [1] с. _cил. _d21 |
||
| 300 | _aНа 4-й с. обл. авт.: Лубяко А.А., д.б.н., проф. | ||
| 300 | _aНа обл. авт. не указан | ||
| 500 |
_aМастер и Маргарита _3RU\NLR\AUTH\559755 _92631756 |
||
| 600 | 0 |
_aПонтий Пилат _f1 в. _xв художественной литературе _92268026 _3RU\NLR\AUTH\661359505 |
|
| 686 |
_aШ5(2=Р)64-651 _2rubbk |
||
| 686 | 2 | _aШ6(2=Р)8-5 | |
| 700 | 1 |
_aЛубяко _bА. А. _f1951- _gАлександр Анатольевич |
|
| 702 | 1 |
_4570 _8rus _7ca _aБулгаков _bМ. А. _f1891-1940 _gМихаил Афанасьевич _3RU\NLR\AUTH\773529 _9113525 |
|
| 942 | _cBOOK | ||
| 980 | _aNBR | ||